LEADER 00942nam0-22002771i-450 001 990006147570403321 005 20230103105048.0 035 $a000614757 035 $aFED01000614757 035 $a(Aleph)000614757FED01 100 $a19980601d1993----km-y0itay50------ba 101 0 $aita 102 $aIT 105 $ayyyyzzzz001yy 200 1 $aVERSO un diritto del lavoro europeo$ela disciplina dei trasferimenti d'azienda e dei licenziamenti collettivi$eatti del Convegno di Catania 25-26 ottobre 1991$fa cura del dott. Salvatore Pagano 210 $aMilano$cGiuffre'$d1993 215 $a275 p.$d24 cm 225 1 $aCentro nazionale studi di diritto del lavoro Domenico Napoletano$v21 676 $a344.45$v23$zita 801 0$aIT$bUNINA$gRICA$2UNIMARC 901 $aBK 912 $a990006147570403321 952 $aVII F 268 (21)$b23063*$fFGBC 959 $aFGBC 996 $aVERSO un diritto del lavoro europeo$9645824 997 $aUNINA